| 000 | 00000nas 2200000za 4500 |
| 001 | 9.815632 |
| 003 | CaOODSP |
| 005 | 20250403105739 |
| 007 | cr ||||||||||| |
| 008 | 160418d19931995oncar p oss f000#b0fre|d |
| 022 | |y1201-6845 |
| 040 | |aCaOODSP|bfre |
| 041 | |aeng|afre |
| 043 | |an-cn--- |
| 086 | 1 |aCS85F0016-PDF |
| 245 | 00|aSelected police administration characteristics of municipal police departments |h[ressource électronique] = |bCertaines caractéristiques de l'administration policière dans les corps policiers. |
| 246 | 11|aCertaines caractéristiques de l'administration policière dans les corps policiers municipaux |
| 260 | |aOttawa : |bStatistics Canada, Canadian Centre for Justice Statistics = Statistique Canada, Centre canadien de la statistique juridique, |c[1995?]-1996. |
| 310 | |aAnnuel |
| 362 | 0 |a1993-1995. |
| 500 | |aÉdition numérisée de l’imprimé [par Statistique Canada]. |
| 546 | |aTexte en anglais et en français. |
| 692 | 07|2gccst|aService de police |
| 692 | 07|2gccst|aMunicipalité |
| 710 | 2 |aCentre canadien de la statistique juridique. |
| 710 | 2 |aStatistique Canada. |
| 791 | |tSelected police administration characteristics of municipal police departments |eeng|w(CaOODSP)9.815627 |